000 00313nam a22001337a 4500
008 250625b |||||||| |||| 00| 0 eng d
020 _a026041332
050 _aHD 75.6
_b.V35
100 _aDALY Herman E.
245 _aValuing The Earth
260 _aU. S. A
_bThe Mit Press
_c1994
300 _a387P.
942 _cBK
999 _c3960
_d3960